Independent Africa and the world /

Bibliographic Details
Main Author: Calvocoressi, Peter
Format: Book
Language:English
Published: London ; New York : Longman, 1985.
Subjects:

MARC

Tag First Indicator Second Indicator Subfields
LEADER 00000pam a2200000 a 4500
001 in00000558102
005 20151014054641.0
008 840202s1985 enkb 00110 eng
010 |a  84000875  
020 |a 0582296544 (pbk.) 
035 |a (OCoLC)10605051 
035 |9 ACK6205AM 
039 0 |a 2  |b 3  |c 3  |d 3  |e 3 
040 |a DLC  |c DLC  |d TXA  |d UtOrBLW 
043 |a f------ 
049 |a TXAM  |c [A08977119] 
050 0 0 |a DT30.5  |b .C34 1985 
082 0 |a 960/.32  |2 19 
100 1 |a Calvocoressi, Peter. 
245 1 0 |a Independent Africa and the world /  |c Peter Calvocoressi. 
264 1 |a London ;  |a New York :  |b Longman,  |c 1985. 
300 |a 151 pages :  |b maps ;  |c 20 cm. 
336 |a text  |b txt  |2 rdacontent 
337 |a unmediated  |b n  |2 rdamedia 
338 |a volume  |b nc  |2 rdacarrier 
500 |a Includes index. 
651 0 |a Africa  |x Politics and government  |y 1960- 
651 0 |a Africa  |x Economic conditions  |y 1960- 
651 0 |a Africa  |x Foreign relations  |y 1960- 
651 0 |a Africa  |x Dependency on foreign countries. 
999 |a MARS 
999 f f |s 3397deca-4ec8-3edc-bf49-56a83b69291b  |i f2f25aa0-0442-3fbe-b236-75837bcce9d7  |t 0 
952 f f |p ric  |a Texas A&M University  |b Rellis Campus  |c Joint Library Facility  |d Remote Storage  |t 0  |e DT30.5 .C34 1985  |h Library of Congress classification  |i unmediated -- volume  |m A14808977119 
998 f f |a DT30.5 .C34 1985  |t 0  |l Remote Storage